El Fondo de la presión del Fondo
Spremljeno u:
| Format: | Tekst |
|---|---|
| Oznake: |
Dodaj oznaku
Bez oznaka, Budi prvi tko označuje ovaj zapis!
|
MARC
| LEADER | 00000 a a2200000 04500 | ||
|---|---|---|---|
| 001 | 7111 | ||
| 003 | |||
| 040 | |||
| 245 | |a El Fondo de la presión del Fondo | ||
| 773 | |g volumen 18, número 212; páginas 3-11 | ||
| 999 | |c 39623 |d 39623 | ||
